Responses for Show #4198 - Wednesday, November 27, 2002

Contestants

[<< previous game]

Katie Hobson, a journalist from New York, New York

Brian Ursrey, a medical secretary originally from Pearson, Georgia

Faith Love, a systems analyst from Boyds, Maryland (whose 2-day cash winnings total $19,401)

[next game >>]

Jeopardy! Round responses

PHYSICS
HAPPY BIRTHDAY!
TOP 40 DEBUTS
THANKSGIVING AT ALEX'S HOUSE
WE INVENTED STUFF
AUTOMOTIVE METAPHORS
    $200 2
air

Brian
    $200 1
Heloise

Brian
    $200 8
"Smells Like Teen Spirit"

Brian
    $200 18
(Alex: [Rather shocked, it seems] 1789? Kind of narrows it down to [*].)

George Washington

Triple Stumper
    $200 9
Edison

Faith
    $200 23
the headlights

Katie
    $400 3
light

Faith
    $400 5
Catherine Zeta-Jones

Faith
    $400 13
Neil Diamond

Katie
    $400 19
(Katie: Who are the Dallas Cowboys?)

Detroit Lions

Katie
Triple Stumper
    $400 10
steam

Faith
    $400 24
spinning

Faith
    $1,000 4
(Faith: What is [*]?)

"Why is the sky blue?"

Faith
    $600 6
amethyst

Faith
    $600 14
"Valley Girl"

Katie
    $600 20
(Alex: [*]! Who is [*]! Katie, stay with us, though! Stay with us.)
(Katie: Let's try THANKSGIVING--I'm determined--for $800.)
(Alex: Thatagirl!)

Zeus

Triple Stumper
    $600 11
the telephone

Brian
    $600 25
(Alex: [Before reading the clue] With a minute to go.)
...
(Katie: What is [**]?)
[Initially ruled incorrect; reversed before Double Jeopardy!]

on empty (on fumes)

Katie
    $800 28
the Doppler effect

Brian
    $800 7
Juliette Low

Katie
    $800 15
Paula Abdul

Katie
    $800 21
C

Faith
    $800 12
a typewriter

Katie
    $800 26
his horn

Katie
    $1000 29
fluid mechanics

Katie
    $1000 17
Elaine May

Triple Stumper
    $1000 16
Depeche Mode

Katie
    $1000 30
tryptophan

Faith
    $1000 22
Goddard

Faith
    $1000 27
in the fast lane

Brian

Scores at the first commercial break (after clue 16):

Faith Brian Katie
$3,000 $1,200 $4,400

Scores at the end of the Jeopardy! Round:

Faith Brian Katie
$6,200 $3,000 $6,600

Double Jeopardy! Round responses

OKLAHOMA!
SWEET SMELL OF SUCCESS
INTO THE WOODS
MAMMA MIA!
"PRIVATE" LIVES
ON BROADWAY
    $400 26
Tulsa

Katie
    $400 21
China

Brian
    $400 1
a mushroom

Brian
    $400 5
Grace Kelly

Faith
    $400 11
a private eye (private detective)

Faith
    $400 16
The Producers

Faith
    $800 27
(Katie: Who is Art Buchwald?)

Will Rogers

FaithKatie
    $800 22
an airplane

Faith
    $800 2
poison ivy

Faith
    $800 6
Freya (or Frigg)

Brian
    $800 12
a private first class

Brian
    $800 17
The Elephant Man

Faith
    $1200 28
the Louisiana Purchase

Brian
    $1,000 23
(Alex: [Prior to the wager] We have about a minute left in the round.)

Joe Kennedy

Faith
    $1200 3
(Katie: What is fiddlehead?)
(Brian: What is maiden's hair?)
(Faith: What is angel hair ferns?)

maidenhair

FaithBrianKatie
Triple Stumper
    $1200 7
Isis

Brian
    $1200 13
private practice

Brian
    $1200 18
Christopher Lloyd

Faith
    $1600 29
(Katie: What is bull riding?)
(Brian: What are shootouts or duels?)

rodeo

BrianKatie
Triple Stumper
    $1600 24
U.S. Steel

Triple Stumper
    $1600 4
transpiration

Katie
    $1,534 8
Catherine de' Medici

Brian
    $1600 14
the private sector

Faith
    $1600 19
Aida

Faith
    $2000 30
the Red River

Brian
    $2000 25
Sumner Redstone

Katie
    $2000 10
gymnosperms

Triple Stumper
    $2000 9
Elizabeth

Triple Stumper
    $2000 15
private mortgage insurance

Faith
    $2000 20
Hairspray

Brian

Scores at the end of the Double Jeopardy! Round:

Faith Brian Katie
$16,800 $11,734 $7,000

[wagering suggestions for these scores]

Final Jeopardy! Round responses

U.S. PRESIDENTS
KatieWho is Theodore Roosevelt?
$6,999
BrianWho was [scribble] Tyler
$5,500
FaithWho is Wilson?
$800
(1 of) Teddy Roosevelt, Martin Van Buren & Millard Fillmore

Final scores:

Faith Brian Katie
$16,000 $6,234 $13,999
3-day champion: $35,401 3rd place: $1,000 2nd place: $2,000

Game dynamics:

Coryat scores:

Faith Brian Katie
$16,600 $11,800 $7,000
22 R
(including 2 DDs),
1 W
16 R
(including 1 DD),
2 W
13 R,
4 W

Combined Coryat: $35,400

[game clues] [game scores] [suggest correction]

Game tape date: 2002-08-26
The J! Archive is created by fans, for fans. Scraping, republication, monetization, and malicious use prohibited; this site may use cookies and collect identifying information. See terms. The Jeopardy! game show and all elements thereof, including but not limited to copyright and trademark thereto, are the property of Jeopardy Productions, Inc. and are protected under law. This website is not affiliated with, sponsored by, or operated by Jeopardy Productions, Inc. Join the discussion at JBoard.tv.